| 000 | 00599cam a2200193 i 4500 | ||
|---|---|---|---|
| 020 | _a2857440405 : | ||
| 040 | _cDLC | ||
| 082 | 0 | 0 | _a665 EDI 1979 A090 Or. |
| 100 | 1 | _aLagrange, Bernard. | |
| 245 | 1 | 0 | _aBiométhane / |
| 260 |
_aAix-en-Provence : _bÉdisud, _c1979. |
||
| 300 |
_a2 v. : _bill. ; _c24 cm. |
||
| 490 | 0 | _aCollection Technologies douces | |
| 500 | _aSummaries in English, French, and German. | ||
| 500 | _a"Liste des brevets d'invention français (1937-1974)": v. 2, p. 228-230. | ||
| 500 | _a"Adresses pour se documenter": v. 2, p. 231-240. | ||
| 650 | 0 | _aBiogas. | |
| 942 | _cFB | ||
| 999 |
_c15876 _d15876 |
||